000 00380nam a22001577a 4500
008 250218b ||||| |||| 00| 0 eng d
020 _a9789388580045
041 _aeng
082 _a428
_bANE
100 _aAndreas,Jenna
245 _aEnglish Language and Learning
260 _aNew Delhi
_bRiver Publishing House
_c2019
300 _a201p.
650 _aENGLISH
942 _cBK
999 _c49507
_d49507